| 000 | 01556nam0a2200349 4500 | ||
|---|---|---|---|
| 001 | RU\NLR\bibl\1452419 | ||
| 005 | 20250615232302.0 | ||
| 010 |
_a978-5-93439-278-0 _9800 |
||
| 021 |
_aRU _b2009-87500 _95508 |
||
| 035 | _a(NLR Aleph) 001444229 | ||
| 090 |
_a1482278 _c1482278 |
||
| 100 | _a20091215d2009 |||y0rusy50 ca | ||
| 101 | 0 |
_arus _aeng |
|
| 102 | _aRU | ||
| 105 | _ay ||||||||| | ||
| 200 | 1 |
_aСловарь по проведению совещаний _dConferences dictionary _eрусско-английский, англо-русский _eпроцедурные вопросы. Составление рабочей документации _eболее 4500 слов и словосочетаний в каждой части _fавт.-сост.: Т. А. Беляк _zeng |
|
| 205 | _a[2-е изд., испр. и доп.] | ||
| 210 |
_aМосква _cР. Валент _d2009 |
||
| 215 |
_a215, [1] с. _d22 |
||
| 225 | 1 | _aБиблиотека практикующего переводчика | |
| 320 | _aБиблиогр.: с. 6 (9 назв.) | ||
| 510 | 1 |
_aConferences dictionary _zeng |
|
| 606 | 0 |
_aРусский язык _xТерминология процедурная _xСловари _xАнглийский язык _92305877 _3RU\NLR\auth\661380273 |
|
| 686 | _aШ141.12-434.1 | ||
| 686 | _aШ143.21-434.2 | ||
| 702 | 1 |
_aБеляк _bТ. А. _gТатьяна Александровна _4220 |
|
| 801 | 0 |
_aRU _bNLR _c20091215 _gRCR |
|
| 801 | 1 |
_aRU _bNLR _c20091215 |
|
| 942 | _cBOOK | ||
| 980 | _aNB | ||